000 00395nam a22001097a 4500
999 _c6768
_d6768
008 200325b ||||| |||| 00| 0 eng d
245 _aBusiness Survey 2003-05 Volume One:
_bDar Es Salaam Report/
_cNational Bureau of Statistics,
_hEnglish.
260 _aDae Es Salaam:
_bNational Bureau of Statistics,
_c2006.
300 _aviii, 118p;
_bill;
_c30cm.-
650 _2BUSINESS SURVEY
942 _2ddc
_cBOOKS